00465nam a2200193 a 4500001001300000003000900013005001700022008004100039020000900080082001600089100001600105245002300121260004700144300000900191500003500200505000900235650001100244700001600255nice12345678IN_TiNIC20260116012703.0050524s0000 jera grp 000 0 eng  ac2500a956.94bSHE aSher, Hanan aFacts About Israel aJerusalembIsrael Information Centrec0000 a232p aincludes index and biblioraphy2 aMaps aIsrael1 aSher, Hanan